00955nam a2200229 a 450000100060000000300080000600500170001400800410003103500190007204000350009104100080012608200270013410000240016124501890018526000810037430000480045550200820050350400320058565000330061770000390065070000360068980193BD-RjUL20231226112800.0220808s2017 bg a|||| m||| 00| 0 eng d a(BD-RjUL)80193 aBD-RjULbengcBD-RjULdBD-RjUL aeng 223a616.8524bALI 2017 aALAM, MD. JAHANGGIR10aInduction and field Evaluation of Somaclonal Variation to late Blight Resistance in Potato /cMD. JAHANGGIR ALAM ;6Supervisor : Md. Giush Uddin Ahmed, Co-supervisor : M. A. Bari Miah. aRajshahi : bInstitute of Biological Science, University of Rajshahi,c2017. a[5], xxvi, [1], 200 leaves :bill.;c29 cm. aThesis ( Ph.D.)-- Institute of Biological Science,University of Rajshahi,2017 aReferences : leaves 171-197 aSomaclonalxPotatovDiseases aAhmed, Md. Giush Uddin, Supervisor aMiah, M. A. Bari, Cosupervisor